| 000 | 01973cam a2200517 a 4500 | ||
|---|---|---|---|
| 001 | 22288 | ||
| 003 | VRT | ||
| 005 | 20260325124122.0 | ||
| 008 | 240315s1992 xo a g 000 f slo | ||
| 015 | _aSNBA1992/09 | ||
| 020 |
_a8006004137 _q(viaz.) |
||
| 035 | _aDC6962B4-D0DC-4D98-9A2B-75A28599EB81 | ||
| 035 | _aSNK000011906 | ||
| 035 | _aurn:nbn:sk:snk-am005ftl | ||
| 035 | _aurn:nbn:sk:snk-amkr0r | ||
| 039 | 9 |
_a202403151929 _bVLOAD _c202402262003 _dVLOAD _c201711291405 _dVLOAD _c201606101156 _dVLOAD |
|
| 040 |
_aSNK _bslo _cSNK _eAACR2 |
||
| 041 | 1 |
_aslo _hger |
|
| 044 |
_axo _cSK |
||
| 080 |
_a(0:82-311.3) _22001 |
||
| 080 |
_a821.112.2-31 _22001 |
||
| 080 |
_a82-93 _22001 |
||
| 100 | 1 |
_aMay, Karl, _d1842-1912 _4aut |
|
| 240 | 1 | 0 |
_aWinnetou, der rote Gentleman _lSlovensky |
| 245 | 1 | 0 |
_aWinnetou 3 _cKarl May ; [z nem. orig. ... prel. Teofil Ušák ; ilustr. Igor Benca] |
| 250 | _a4. vyd. | ||
| 260 |
_aBratislava _bMladé letá _c1992 _eNitra _fNitrianske tlačiarne |
||
| 300 |
_a405 s. _bilustr. _c21 cm |
||
| 490 | 1 | _aKnihy Karla Maya | |
| 500 | _aIlustr. na tit. liste. Fot. na front. Mp. na predsádkach. Vysvetl. Výslovnosť cudzích mien. Pre čitateľov od 11 rokov. ISBN 80-06-00417-X (súbor). | ||
| 504 | _aVysvetlivky | ||
| 521 | _aPre čitateľov od 11 rokov | ||
| 650 | 0 | 7 |
_anemecká literatúra _2SNKPH |
| 655 | 7 |
_adobrodružné romány _2SNKPH |
|
| 700 | 1 |
_aBenca, Igor, _d1958- _4ill |
|
| 700 | 1 |
_aUšák, Teofil, _d1922-1999 _4trl |
|
| 830 | 0 | _aKnihy Karla Maya | |
| 942 |
_2ddc _cKLDO _n0 |
||
| 949 |
_617A0952546 _asnkSC 81483/3 D1 _bsnkKSP 6603/92 _oOSnáhrada-originál _s6100:20140925 |
||
| 949 |
_64710704608 _astrmkM _bstrmk2008/4608 |
||
| 949 |
_64710704609 _astrmkM _bstrmk2008/4609 |
||
| 949 |
_617A0982779 _asnkSC 81483/3 |
||
| 949 |
_6270001000032972 _asvkbbA 81020-3 _bsvkbbm 571487 _p571.487 |
||
| 949 |
_6273K0258111 _asvkpoA 152630/III _bsvkpo384318 _oPV 4374/92 |
||
| 999 |
_c22288 _d22288 |
||